000 00571nam a2200217 b 4500
003 3228
005 20260520111706.0
008 230213s9999 xx o j 001 0 und d
020 _a9781422230374
_qhbk
040 _aMPL
_c3228
041 _2E
082 0 _aJ 618.92858842 LIBA
100 _aLIBAL, AUTUMN
245 0 _aIntellectual disabilities/
_cAutumn Libal.
260 _aBroomall;
_bMason Crest;
_c©2015
300 _a127 pages;
_bPhotograph;
490 _aLiving with a special need.
942 _y367
_zEllen Msibi
942 _2ddc
942 _cBOOK
_2ddc
999 _c52365
_d52364